000 01406naa a22003377a 4500
001 BR8806182
003 BR-BrBNA
005 20240918180322.0
007 ta
008 230509b bl.||||| |||| 00| 0 por d
040 _aBR-BrBNA
_bpor
_cBiblioteca Nacional de Agricultura
041 _a(Pt)
072 _aL10; E71; L73
_b5212
_b3580
090 _aL10 BR8806182
100 1 _aOlascoaga, R.C.
100 1 _aSutmoller, P.
111 1 _a7. Congresso Brasileiro de Reproducao Animal
_cBelo Horizonte, MG (Brazil)
_d1987
245 1 _aConsideracoes de saude animal para a movimentacao internacional de material genetico de bovinos: 1 semen
246 1 _a[Considerations on animal health for international transport of bovines genetic materials: 1 semen]
246 1 _a[7th Brazilian Congress of Animal Reproduction. Annals]
260 3 _aCampinas, SP (Brasil):
_c1988.
500 _aLamounier, R.E.V. (ed.) 7. Congresso Brasileiro de Reproducao Animal. Anais Campinas, SP (Brasil): 1988. p. 367-372 (BR8806182-AM)L10
650 _aBOVINO
650 _aSEMEN
650 _aIMPORTACAO
650 _aEXPORTACAO
650 _aVETERINARIA
773 0 _t7. Congresso Brasileiro de Reproducao Animal. Anais
_aLamounier, R.E.V. (ed.). Fundacao Cargill, Campinas, SP (Brasil)
_wL10 BR8806182
_gCampinas, SP (Brasil), 1988. p. 367-372
909 _a202404
_bLucia
_c55
_dLucia Elande
942 _cAM
_2AGRIS
999 _c319786
_d319786